000 00331nam a22001457a 4500
008 221110b ||||| |||| 00| 0 eng d
020 _a9781555813710
041 _aeng
080 _29th edition
_a579
082 _a579 MUR
100 _a17
101 _aMICROBIO
245 _aCLINICAL MICROBIOLOGY
_cMURRAY P
942 _2udc
_cBK
999 _c58844
_d58844